[Event "Lliga Catalana DH"]
[Site "?"]
[Date "2015.02.28"]
[Round "6.2"]
[White "Jerez Perez, A."]
[Black "Fluvia Poyatos, Joan"]
[Result "1-0"]
[WhiteElo "2466"]
[BlackElo "2551"]
[PlyCount "99"]
[EventDate "2015.??.??"]
[EventType "team"]

1. e4 c5 2. Nf3 d6 3. d4 cxd4 4. Nxd4 Nf6 5. Nc3 Nc6 6. Bg5 Bd7 7. Qd2 Rc8 8.
Nxc6 Bxc6 9. f3 e6 10. O-O-O a6 11. h4 h6 12. Be3 h5 13. Kb1 b5 14. Ne2 Bb7 15.
Nd4 Nd7 16. Bd3 Ne5 17. Qf2 Be7 18. Qg3 Bf6 19. Bg5 Qc7 20. Bxf6 gxf6 21. Qf4
Ke7 22. g4 Ng6 23. Qg3 d5 24. Qe1 Nf4 25. g5 fxg5 26. hxg5 dxe4 27. Bxe4 Bxe4
28. Qxe4 Kf8 29. g6 e5 30. Rhg1 Rg8 31. gxf7 Rxg1 32. Rxg1 exd4 33. Qh7 Qxc2+
34. Qxc2 Rxc2 35. Kxc2 Kxf7 36. Rd1 d3+ 37. Kd2 Ke6 38. Ke3 Kf5 39. Rc1 h4 40.
Rc8 d2 41. Kxd2 h3 42. Rh8 Kg6 43. Ke3 Nd5+ 44. Kf2 Nb4 45. Ra8 Kf5 46. Kg3 h2
47. Kxh2 Kf4 48. Kg2 Ke3 49. a3 Nd3 50. Re8+ 1-0

[Event "Lliga Catalana DH"]
[Site "?"]
[Date "2015.02.28"]
[Round "6.3"]
[White "Fluvia Poyatos, Jordi"]
[Black "Torrecillas Martinez, A."]
[Result "1/2-1/2"]
[WhiteElo "2477"]
[BlackElo "2408"]
[PlyCount "134"]
[EventDate "2015.??.??"]
[EventType "team"]

1. e4 e6 2. d3 d5 3. Nd2 Nf6 4. Ngf3 Nc6 5. c3 e5 6. b4 Bd6 7. Bb2 O-O 8. g3
Re8 9. Bg2 Ne7 10. exd5 Nexd5 11. O-O Bf5 12. Ne1 c6 13. Ne4 Bc7 14. a3 Bg4 15.
Qc2 Nxe4 16. dxe4 Nb6 17. c4 Be6 18. c5 Nc4 19. Nd3 Qe7 20. Rfd1 Red8 21. Bf1
Rd7 22. Ne1 Nxb2 23. Qxb2 Rad8 24. Qc2 b6 25. Nd3 b5 26. Ne1 a5 27. Rxd7 Qxd7
28. Be2 axb4 29. Rd1 b3 30. Rxd7 bxc2 31. Rxd8+ Bxd8 32. Nxc2 Be7 33. Nb4 Bd7
34. Nd3 f6 35. Bd1 Be6 36. a4 Bc4 37. Nb2 Bxc5 38. Nxc4 bxc4 39. Kf1 Kf7 40.
Be2 c3 41. Bd3 Ke7 42. Ke2 Kd6 43. f3 Bb4 44. h4 Kc5 45. a5 Bxa5 46. h5 Kd4 47.
Bc2 Bc7 48. g4 c5 49. Bb3 c4 50. Ba4 Ba5 51. Bc2 Kc5 52. Ba4 Kb4 53. Bc2 Ka3
54. Kd1 Kb2 55. Ba4 Bb6 56. Bc2 Be3 57. Ba4 Bf4 58. Bc2 Bg5 59. Ba4 Ka3 60. Bc2
Bf4 61. Ke2 Bg5 62. Kd1 Kb2 63. Ba4 c2+ 64. Bxc2 Kc3 65. Bb1 Be3 66. Bc2 Bf4
67. Bb1 Kb2 1/2-1/2

[Event "Lliga Catalana DH"]
[Site "?"]
[Date "2015.02.28"]
[Round "6.4"]
[White "Ryan, J."]
[Black "Panelo Muñoz, MA."]
[Result "0-1"]
[WhiteElo "2345"]
[BlackElo "2457"]
[PlyCount "106"]
[EventDate "2015.??.??"]
[EventType "team"]

1. e4 c5 2. Nf3 d6 3. Bb5+ Bd7 4. Bxd7+ Qxd7 5. c4 Nf6 6. Nc3 g6 7. d4 cxd4 8.
Nxd4 Bg7 9. b3 Nc6 10. Bb2 O-O 11. O-O e6 12. Re1 Rfd8 13. Qd2 Rac8 14. Rad1 a6
15. Nxc6 Qxc6 16. e5 Ne8 17. Ne4 d5 18. cxd5 Rxd5 19. Qf4 Rxd1 20. Rxd1 Qc2 21.
Rc1 Rd8 22. g3 Qxb2 23. Ng5 Qd2 24. Qxf7+ Kh8 25. Qf4 Bh6 26. Qxd2 Rxd2 27.
Nxe6 Rd7 28. Rc8 Re7 29. Nc7 Rxc7 30. Rxe8+ Kg7 31. Kg2 Kf7 32. Rb8 Bf8 33. f4
Bc5 34. Kf3 Ba7 35. Ra8 Bg1 36. h4 h5 37. Rb8 Ba7 38. Ra8 Rc3+ 39. Ke4 Bf2 40.
Rb8 Rxg3 41. Rxb7+ Ke6 42. Rg7 Re3+ 43. Kd4 Rxe5+ 44. Kd3 Re3+ 45. Kd2 Kf6 46.
Rg8 Re6 47. Rf8+ Kg7 48. Rd8 Bxh4 49. Rd5 Be7 50. Kc3 h4 51. f5 gxf5 52. Rxf5
h3 53. Rh5 Rh6 0-1

[Event "Lliga Catalana DH"]
[Site "?"]
[Date "2015.02.28"]
[Round "6.5"]
[White "Jose Abril, R."]
[Black "Garrido Fernandez, D."]
[Result "1-0"]
[WhiteElo "2400"]
[BlackElo "2326"]
[PlyCount "55"]
[EventDate "2015.??.??"]
[EventType "team"]

1. d4 f5 2. Nc3 Nf6 3. Bg5 d5 4. Bxf6 exf6 5. e3 Be6 6. Qf3 Qd7 7. Bb5 Nc6 8.
Nge2 a6 9. Ba4 O-O-O 10. a3 b5 11. Bb3 Na5 12. Nf4 c6 13. Nxe6 Qxe6 14. O-O g5
15. Qe2 Nxb3 16. cxb3 Kb7 17. b4 Bd6 18. Qc2 h5 19. Rfe1 Rde8 20. Re2 Bc7 21.
Rf1 f4 22. exf4 Qg4 23. fxg5 h4 24. Qd3 Reg8 25. f4 Bxf4 26. gxf6 Rg6 27. Rxf4
Qxf4 28. Qxg6 1-0

[Event "Lliga Catalana DH"]
[Site "?"]
[Date "2015.02.28"]
[Round "6.6"]
[White "Llaneza Vega, P."]
[Black "Oms Fuentes, L."]
[Result "0-1"]
[WhiteElo "2296"]
[BlackElo "2378"]
[PlyCount "96"]
[EventDate "2015.??.??"]
[EventType "team"]

1. e4 b6 2. d4 Bb7 3. Nc3 e6 4. Nf3 Bb4 5. Bd3 Nf6 6. e5 Ne4 7. O-O Nxc3 8.
bxc3 Be7 9. Nd2 d6 10. Qg4 g6 11. exd6 cxd6 12. Qe2 Nd7 13. c4 O-O 14. Bb2 Bf6
15. Ne4 Bxe4 16. Bxe4 Rc8 17. Rad1 Qc7 18. Bd3 Nb8 19. Qf3 Bg7 20. Qg3 Rfd8 21.
Bc1 Nc6 22. Bg5 Re8 23. c3 Na5 24. c5 bxc5 25. Bb5 Nc6 26. dxc5 dxc5 27. Qxc7
Rxc7 28. Rd6 Rec8 29. Be3 Ne7 30. c4 Nf5 31. Rd7 Rxd7 32. Bxd7 Rd8 33. Bc6 Nxe3
34. fxe3 Bh6 35. Re1 Rd2 36. a4 Rd6 37. Bf3 Ra6 38. Ra1 Bxe3+ 39. Kf1 Bd4 40.
Ra2 Rb6 41. Ke2 f5 42. a5 Rb4 43. Kd3 Rb3+ 44. Kd2 Kg7 45. a6 e5 46. Bd5 e4 47.
Ra5 e3+ 48. Kd1 Rb1+ 0-1

[Event "Lliga Catalana DH"]
[Site "?"]
[Date "2015.02.28"]
[Round "6.7"]
[White "Iglesias Romero, J."]
[Black "De la Riva Aguado, J."]
[Result "1/2-1/2"]
[WhiteElo "2365"]
[BlackElo "2306"]
[PlyCount "48"]
[EventDate "2015.??.??"]
[EventType "team"]

1. e4 c5 2. Nc3 Nc6 3. Nge2 e6 4. d4 cxd4 5. Nxd4 Qc7 6. Be2 a6 7. O-O Nf6 8.
Be3 Bb4 9. Na4 Be7 10. Nxc6 bxc6 11. Nb6 Rb8 12. Nxc8 Qxc8 13. e5 Nd5 14. Bc1
Bc5 15. Bd3 O-O 16. Qe2 a5 17. Qe4 f5 18. exf6 Nxf6 19. Qh4 Qe8 20. Bd2 Qh5 21.
Qxh5 Nxh5 22. b3 Ra8 23. g3 Nf6 24. Kg2 Ng4 1/2-1/2

[Event "Lliga Catalana DH"]
[Site "?"]
[Date "2015.02.28"]
[Round "6.8"]
[White "Lopez Santana, O."]
[Black "Gutierrez Clares, J."]
[Result "1/2-1/2"]
[WhiteElo "2252"]
[BlackElo "2328"]
[PlyCount "40"]
[EventDate "2015.??.??"]
[EventType "team"]

1. e4 c5 2. Nf3 e6 3. c3 d5 4. e5 d4 5. Bd3 Nc6 6. O-O Nge7 7. Re1 Ng6 8. g3 a6
9. h4 dxc3 10. dxc3 c4 11. Bxg6 hxg6 12. Qxd8+ Nxd8 13. Nbd2 b5 14. a4 Rb8 15.
axb5 axb5 16. Ne4 Bb7 17. Bf4 Bxe4 18. Rxe4 Nb7 19. Be3 Nc5 20. Bxc5 Bxc5
1/2-1/2

[Event "Lliga Catalana DH"]
[Site "?"]
[Date "2015.02.28"]
[Round "6.9"]
[White "Fernandez Madrid, C."]
[Black "Lluis Alavedra, A."]
[Result "1-0"]
[WhiteElo "2270"]
[BlackElo "2201"]
[PlyCount "69"]
[EventDate "2015.??.??"]
[EventType "team"]

1. c4 e5 2. g3 Nc6 3. Bg2 g6 4. e3 Bg7 5. Ne2 f5 6. O-O Nf6 7. b3 O-O 8. Bb2 d6
9. Nbc3 Qe8 10. Nd5 Qf7 11. d3 Be6 12. Nxf6+ Qxf6 13. Nf4 Bf7 14. Nd5 Qd8 15.
Qc2 Qd7 16. Rac1 Nd8 17. b4 c6 18. Nc3 f4 19. exf4 exf4 20. Ne4 Be6 21. Bxg7
Qxg7 22. Rfe1 f3 23. Bf1 Qh6 24. Qd2 Qxd2 25. Nxd2 g5 26. Ne4 d5 27. Nxg5 Bg4
28. cxd5 h6 29. Ne6 Nxe6 30. dxe6 Rfe8 31. e7 Kf7 32. Rc4 Be6 33. Rf4+ Kxe7 34.
Bh3 Kd7 35. Rf7+ 1-0

[Event "Lliga Catalana DH"]
[Site "?"]
[Date "2015.02.28"]
[Round "6.10"]
[White "Alvarez Albiol, V."]
[Black "Fernandez Serrano, P."]
[Result "0-1"]
[WhiteElo "2018"]
[BlackElo "2256"]
[PlyCount "54"]
[EventDate "2015.??.??"]
[EventType "team"]

1. e4 g6 2. d4 Bg7 3. Nf3 d6 4. Nc3 a6 5. Be2 Nd7 6. O-O b5 7. a3 c5 8. Be3
cxd4 9. Nxd4 Bb7 10. f4 Ngf6 11. Bf3 Nc5 12. e5 Nfe4 13. Nxe4 Nxe4 14. e6 f5
15. g4 O-O 16. gxf5 gxf5 17. Bh5 Kh8 18. Bf7 Bf6 19. Rf3 Qc8 20. Rh3 Rg8+ 21.
Bxg8 Qxg8+ 22. Kf1 Nf2 23. Bxf2 Qg2+ 24. Ke1 Qxh3 25. Bg3 Qg2 26. Bf2 Qxh2 27.
Nxf5 Qh1+ 0-1

[Event "Lliga Catalana DH"]
[Site "?"]
[Date "2015.02.28"]
[Round "6.1"]
[White "Rizouk, A."]
[Black "Movsziszian, K."]
[Result "1/2-1/2"]
[WhiteElo "2530"]
[BlackElo "2513"]
[PlyCount "115"]
[EventDate "2015.??.??"]
[EventType "team"]

1. e4 d6 2. d4 Nf6 3. Nc3 g6 4. Nf3 Bg7 5. Be3 a6 6. h3 O-O 7. Bd3 Nc6 8. d5
Nb8 9. a4 e6 10. Qd2 exd5 11. exd5 Nbd7 12. O-O Nc5 13. Bg5 Re8 14. Rfe1 Bd7
15. a5 Rxe1+ 16. Rxe1 Qf8 17. Qf4 Nh5 18. Qc4 Re8 19. Rxe8 Bxe8 20. Bf1 h6 21.
Be3 Qe7 22. Qb4 c6 23. dxc6 Bxc6 24. Nd4 Bd7 25. Nd5 Qe4 26. Nb6 Be8 27. Qd2
Qe5 28. Nf3 Qf6 29. Bd4 Qf4 30. Bxg7 Qxd2 31. Nxd2 Nxg7 32. b4 Nce6 33. Ndc4
Nf5 34. Bd3 Ned4 35. Nc8 d5 36. Ne3 Nxe3 37. fxe3 Nc6 38. Nd6 Bd7 39. c3 Ne5
40. Be2 Bc6 41. c4 dxc4 42. Nxc4 Bb5 43. Nxe5 Bxe2 44. Kf2 Bb5 45. e4 Kg7 46.
h4 f6 47. Nf3 Kf7 48. Ke3 Bf1 49. g3 Ke6 50. Kd4 Be2 51. Ne1 f5 52. Ng2 g5 53.
exf5+ Kxf5 54. Ne3+ Ke6 55. Ke4 Bb5 56. hxg5 hxg5 57. Kd4 Bc6 58. Nc2 1/2-1/2

[Event "Lliga Catalana DH"]
[Site "?"]
[Date "2015.02.28"]
[Round "6.2"]
[White "Gonzalez Perez, A."]
[Black "Vassallo Barroche, M."]
[Result "1/2-1/2"]
[WhiteElo "2527"]
[BlackElo "2424"]
[PlyCount "74"]
[EventDate "2015.??.??"]
[EventType "team"]

1. e4 g6 2. d4 Bg7 3. Nf3 d6 4. Bd3 Nf6 5. O-O O-O 6. Re1 Nc6 7. c3 e5 8. Nbd2
Nh5 9. dxe5 Nxe5 10. Nxe5 dxe5 11. Nc4 Be6 12. Be3 Qe7 13. b4 Rfd8 14. Qc2 Nf4
15. Bf1 h5 16. Na5 c6 17. Red1 Qc7 18. a4 h4 19. Rxd8+ Rxd8 20. Nc4 b6 21. a5
b5 22. Nd2 h3 23. g3 Ng2 24. Bxg2 hxg2 25. Kxg2 f5 26. Nf3 f4 27. Bc5 Qd7 28.
Ng5 Bc4 29. Re1 Bf6 30. Nf3 g5 31. h3 Be6 32. Ng1 a6 33. Qe2 Bc4 34. Qg4 Be6
35. Qe2 Bc4 36. Qg4 Be6 37. Qe2 Bc4 1/2-1/2

[Event "Lliga Catalana DH"]
[Site "?"]
[Date "2015.02.28"]
[Round "6.3"]
[White "Alonso Moyano, J."]
[Black "Akbarinia, SA."]
[Result "1-0"]
[WhiteElo "2471"]
[BlackElo "2366"]
[PlyCount "107"]
[EventDate "2015.??.??"]
[EventType "team"]

1. e4 c6 2. d4 d5 3. e5 Bf5 4. Nf3 e6 5. Be2 h6 6. O-O Nd7 7. a4 Ne7 8. a5 g5
9. a6 b6 10. c4 Bg7 11. Nc3 O-O 12. cxd5 Nxd5 13. Nxd5 exd5 14. Ne1 f6 15. exf6
Qxf6 16. Nc2 Rae8 17. Bd3 Re6 18. Be3 Rfe8 19. Qd2 Qg6 20. Rfd1 Nf6 21. Bxf5
Qxf5 22. Rac1 Bf8 23. Qd3 Ne4 24. f3 Nd6 25. Qxf5 Nxf5 26. Bf2 Kf7 27. Re1 Bg7
28. Kf1 Nd6 29. Rxe6 Rxe6 30. b3 Nc8 31. Nb4 Ne7 32. Rc2 Ke8 33. Re2 Rxe2 34.
Kxe2 Kd7 35. Kd3 Ng6 36. Bg3 Bf8 37. Nc2 h5 38. Ne3 h4 39. Bb8 Kc8 40. Be5
Nxe5+ 41. dxe5 Kd7 42. g3 Ke6 43. f4 gxf4 44. gxf4 h3 45. Nc2 c5 46. Ke3 Kf5
47. Kf3 d4 48. Na3 d3 49. Nb5 d2 50. Ke2 Ke6 51. Nxa7 Kd7 52. Nb5 Kc8 53. f5
Bh6 54. f6 1-0

[Event "Lliga Catalana DH"]
[Site "?"]
[Date "2015.02.28"]
[Round "6.4"]
[White "Dominguez Pons, E."]
[Black "Gomez Jurado, LA."]
[Result "1-0"]
[WhiteElo "2402"]
[BlackElo "2431"]
[PlyCount "103"]
[EventDate "2015.??.??"]
[EventType "team"]

1. e4 c6 2. d4 d5 3. e5 Bf5 4. Be3 e6 5. Nd2 Nd7 6. Ngf3 h6 7. Be2 Ne7 8. O-O
Nc8 9. Ne1 Be7 10. g4 Bh7 11. f4 c5 12. c3 Qb6 13. Qc1 cxd4 14. cxd4 Bd8 15.
Bd3 Bxd3 16. Nxd3 h5 17. h3 hxg4 18. hxg4 Rh3 19. Rf3 Rxf3 20. Nxf3 Ne7 21. Qd2
Nc6 22. Rc1 Be7 23. f5 O-O-O 24. Nf4 Nf8 25. Kg2 Kb8 26. b3 Rc8 27. g5 Ba3 28.
Rc2 Ne7 29. Rxc8+ Kxc8 30. Nh4 Qc6 31. f6 gxf6 32. gxf6 Neg6 33. Nhxg6 fxg6 34.
Nd3 Kd7 35. Kf3 Qb5 36. Qc3 a5 37. Kf2 Bb4 38. Qc2 Ba3 39. Bh6 Qc6 40. Qxc6+
bxc6 41. Bd2 Nh7 42. Kf3 Ke8 43. Kg4 Kf7 44. Bxa5 Bf8 45. Bd2 Ke8 46. a4 Kd7
47. Nc5+ Bxc5 48. dxc5 Kc7 49. f7 d4 50. Kf4 Nf8 51. Ke4 Nd7 52. Kxd4 1-0

[Event "Lliga Catalana DH"]
[Site "?"]
[Date "2015.02.28"]
[Round "6.5"]
[White "Martinez Ramirez, E."]
[Black "Delisau Gil, O."]
[Result "1-0"]
[WhiteElo "2349"]
[BlackElo "2316"]
[PlyCount "117"]
[EventDate "2015.??.??"]
[EventType "team"]

1. e4 e5 2. Nf3 Nc6 3. d4 exd4 4. Nxd4 Nf6 5. Nc3 Bb4 6. Nxc6 bxc6 7. Bd3 d5 8.
exd5 O-O 9. O-O cxd5 10. Bg5 c6 11. Qf3 Bd6 12. Rfe1 Rb8 13. Na4 h6 14. Bxf6
Qxf6 15. Qxf6 gxf6 16. b3 Be6 17. Rad1 Rfe8 18. h3 Bd7 19. c4 Rxe1+ 20. Rxe1
Be6 21. cxd5 cxd5 22. Rc1 Bd7 23. Nc3 Rc8 24. Rc2 Be6 25. Nxd5 Kg7 26. Rxc8
Bxc8 27. Ne3 a5 28. Kf1 Bd7 29. Ke2 h5 30. h4 Bb4 31. g3 Bc6 32. Nf5+ Kf8 33.
Ke3 a4 34. bxa4 Bxa4 35. Nd4 Bc5 36. Be2 Bc6 37. Bxh5 Bd5 38. a4 Bb3 39. a5 Bc4
40. Ke4 Bb4 41. Be2 Bxe2 42. Nxe2 Bxa5 43. Kf5 Kg7 44. f3 Be1 45. h5 Bd2 46. g4
Be3 47. Ng3 Bd4 48. Ne4 Ba1 49. Nd6 Kf8 50. h6 Kg8 51. f4 Bb2 52. h7+ Kxh7 53.
Nxf7 Kg7 54. Ke6 f5 55. gxf5 Bc1 56. f6+ Kf8 57. Ne5 Ba3 58. Nd7+ Kg8 59. f7+
1-0

[Event "Lliga Catalana DH"]
[Site "?"]
[Date "2015.02.28"]
[Round "6.6"]
[White "Castelltort Fernandez, A."]
[Black "Perez Mañas, B."]
[Result "0-1"]
[WhiteElo "2365"]
[BlackElo "2375"]
[PlyCount "68"]
[EventDate "2015.??.??"]
[EventType "team"]

1. d4 f5 2. Nf3 Nf6 3. g3 g6 4. Bg2 Bg7 5. O-O O-O 6. c4 d6 7. Nc3 c6 8. b3 Qc7
9. Bb2 e5 10. dxe5 dxe5 11. e4 fxe4 12. Ng5 e3 13. fxe3 Qb6 14. Kh1 Qxe3 15.
Nce4 Bf5 16. Re1 Nxe4 17. Rxe3 Nf2+ 18. Kg1 Nxd1 19. Rxd1 Bh6 20. h4 Nd7 21.
Be4 Bg4 22. Rd6 Rf6 23. Rxf6 Nxf6 24. Bxe5 Nxe4 25. Rxe4 Bf5 26. Rd4 Re8 27.
Bf4 Bf8 28. Rd2 Bb4 29. Rd1 Bg4 30. Rf1 Re2 31. Nf3 Bh3 32. Rd1 Bc5+ 33. Nd4
Re4 34. Kh2 Bg4 0-1

[Event "Lliga Catalana DH"]
[Site "?"]
[Date "2015.02.28"]
[Round "6.7"]
[White "Obon Temprano, S."]
[Black "Subirats Ruiz, S."]
[Result "1/2-1/2"]
[WhiteElo "2373"]
[BlackElo "2283"]
[PlyCount "39"]
[EventDate "2015.??.??"]
[EventType "team"]

1. d4 e6 2. Nf3 Nf6 3. e3 g6 4. Nbd2 Bg7 5. b3 O-O 6. Bb2 b6 7. Be2 Na6 8. O-O
c5 9. c4 Bb7 10. Rc1 Qe7 11. Qc2 Rfd8 12. Rfd1 Rac8 13. Qb1 cxd4 14. Bxd4 d6
15. Qa1 e5 16. Bb2 Nc5 17. Ne1 Nfe4 18. Nxe4 Nxe4 19. Nf3 Bh6 20. Rc2 1/2-1/2

[Event "Lliga Catalana DH"]
[Site "?"]
[Date "2015.02.28"]
[Round "6.8"]
[White "Bautista Sanchez, J."]
[Black "Bosque Ortega, X."]
[Result "1/2-1/2"]
[WhiteElo "2306"]
[BlackElo "2300"]
[PlyCount "100"]
[EventDate "2015.??.??"]
[EventType "team"]

1. Nf3 d5 2. c4 c6 3. e3 Nf6 4. b3 Bf5 5. Bb2 e6 6. Be2 Nbd7 7. O-O Bd6 8. d4
Ne4 9. Nc3 Qf6 10. cxd5 exd5 11. Nxe4 Bxe4 12. Bd3 Qh6 13. h3 Nf6 14. Ne5 O-O
15. a4 Rfe8 16. Re1 Rad8 17. Qe2 Bxe5 18. dxe5 Bxd3 19. Qxd3 Nd7 20. f4 f6 21.
exf6 Nxf6 22. Bxf6 Qxf6 23. Qd4 a6 24. Qxf6 gxf6 25. Kf2 Re4 26. Rad1 Rb4 27.
Rd3 Re8 28. Rc1 Kf7 29. Kf3 h5 30. g4 hxg4+ 31. hxg4 Rh8 32. Kg3 Re4 33. Re1
Rh7 34. Re2 Kg6 35. Rh2 Rxh2 36. Kxh2 d4 37. Rxd4 Rxe3 38. b4 Rb3 39. a5 f5 40.
g5 Kh5 41. Kg2 Kg6 42. Kf2 c5 43. bxc5 Rb5 44. Rd6+ Kh5 45. Rh6+ Kg4 46. g6
Kxf4 47. Rh4+ Ke5 48. g7 Rb2+ 49. Kf3 Rb3+ 50. Kf2 Rb2+ 1/2-1/2

[Event "Lliga Catalana DH"]
[Site "?"]
[Date "2015.02.28"]
[Round "6.9"]
[White "Ramirez Carrizo, VJ."]
[Black "Gonzalez Hernandez, F."]
[Result "1-0"]
[WhiteElo "2229"]
[BlackElo "2281"]
[PlyCount "107"]
[EventDate "2015.??.??"]
[EventType "team"]

1. e4 c5 2. Nf3 Nc6 3. d4 cxd4 4. Nxd4 Nf6 5. Nc3 d6 6. Bg5 Bd7 7. f4 Rc8 8.
Qd2 Nxd4 9. Qxd4 Qa5 10. e5 dxe5 11. fxe5 e6 12. O-O-O Bc6 13. Nb5 Bxb5 14.
exf6 Bc6 15. h4 g6 16. Bc4 Bc5 17. Qg4 h5 18. Qe2 O-O 19. Rhe1 Bb5 20. Bd2 Bxc4
21. Bxa5 Bxe2 22. Rxe2 b6 23. Bd2 Rfd8 24. Bg5 Kf8 25. Red2 Ke8 26. a3 Rxd2 27.
Rxd2 Rd8 28. Rxd8+ Kxd8 29. Kd2 Kd7 30. Kd3 e5 31. Ke4 Kd6 32. a4 Bf2 33. Kf3
Bc5 34. Ke4 Ke6 35. c3 Bd6 36. b4 Bc7 37. c4 Bd6 38. b5 Bb4 39. Be3 Kd6 40. Bh6
Ke6 41. Be3 Ba3 42. a5 bxa5 43. Bxa7 Kd6 44. Bb8+ Kc5 45. Bxe5 Bb4 46. Kd3 Be1
47. Bd4+ Kd6 48. c5+ Kc7 49. Be5+ Kb7 50. g3 Bf2 51. Kc4 Be3 52. c6+ Kc8 53.
Bd4 Bc1 54. b6 1-0

[Event "Lliga Catalana DH"]
[Site "?"]
[Date "2015.02.28"]
[Round "6.10"]
[White "Castellano Egea, E."]
[Black "Villa Izquierdo, R."]
[Result "1/2-1/2"]
[WhiteElo "2275"]
[BlackElo "2196"]
[PlyCount "72"]
[EventDate "2015.??.??"]
[EventType "team"]

1. e4 c5 2. Nf3 Nc6 3. d4 cxd4 4. Nxd4 d6 5. Nc3 Nf6 6. g3 Bg4 7. f3 Bd7 8. Bg2
Qc8 9. O-O Bh3 10. Nd5 Bxg2 11. Kxg2 Nxd4 12. Qxd4 Nxd5 13. exd5 Qc5 14. Qe4 g6
15. Be3 Qc7 16. Bd4 Rg8 17. Rae1 Bg7 18. Bxg7 Rxg7 19. Re3 Kf8 20. Rc3 Qd7 21.
Re1 Re8 22. Qd4 b6 23. Rce3 g5 24. Qc4 Rg6 25. h4 gxh4 26. Qxh4 h6 27. R1e2 e5
28. f4 f6 29. c4 Kg7 30. Qh5 Rc8 31. b3 Rg8 32. Rf2 Qg4 33. Qxg4 Rxg4 34. Kh3
h5 35. fxe5 fxe5 36. Ref3 Kh8 1/2-1/2

[Event "Lliga Catalana DH"]
[Site "?"]
[Date "2015.02.28"]
[Round "6.1"]
[White "Alsina Leal, D."]
[Black "Lillo Castany, V."]
[Result "1-0"]
[WhiteElo "2567"]
[BlackElo "2376"]
[PlyCount "65"]
[EventDate "2015.??.??"]
[EventType "team"]

1. e4 e5 2. Nf3 Nc6 3. Bb5 f5 4. d3 fxe4 5. dxe4 Nf6 6. O-O Bc5 7. Bxc6 bxc6 8.
Nxe5 O-O 9. Nc3 d6 10. Nd3 Bd4 11. Qe1 Qe8 12. Be3 Bxc3 13. Qxc3 Qxe4 14. Rfe1
Qa4 15. b3 Nd5 16. Qd2 Qg4 17. c4 Nf6 18. f3 Qg6 19. Bd4 Qf7 20. c5 Bf5 21.
Rac1 Qd7 22. cxd6 cxd6 23. Nb4 Rac8 24. Bxf6 Rxf6 25. Rxc6 Rxc6 26. Qd5+ Be6
27. Qxc6 Kf7 28. Qxd7+ Bxd7 29. Rc1 a5 30. Rc7 Ke6 31. Nc2 Rf8 32. Nd4+ Ke7 33.
Nc6+ 1-0

[Event "Lliga Catalana DH"]
[Site "?"]
[Date "2015.02.28"]
[Round "6.2"]
[White "Cuadras Avellana, J."]
[Black "Vila Gazquez, X."]
[Result "0-1"]
[WhiteElo "2357"]
[BlackElo "2512"]
[PlyCount "140"]
[EventDate "2015.??.??"]
[EventType "team"]

1. c4 e5 2. Nc3 Nf6 3. Nf3 Nc6 4. g3 Bc5 5. Bg2 d6 6. O-O a6 7. d3 O-O 8. Bg5
h6 9. Bxf6 Qxf6 10. Ne4 Qe7 11. Nxc5 dxc5 12. Nd2 Nd4 13. e3 Nf5 14. Ne4 Be6
15. Qc2 Rad8 16. Qc3 Bc8 17. a3 b6 18. b4 Nd6 19. Nd2 Ne8 20. Nb3 Bg4 21. Rfe1
Qd6 22. Bf1 Nf6 23. bxc5 bxc5 24. Na5 Bf3 25. Rab1 Rb8 26. Rb3 Rb6 27. Reb1 Nd7
28. Rxb6 cxb6 29. Nb3 Bb7 30. Bg2 Bxg2 31. Kxg2 Qc6+ 32. Kg1 Rd8 33. d4 exd4
34. exd4 cxd4 35. Qxd4 Re8 36. Nd2 Re6 37. f3 Nc5 38. Rf1 Rd6 39. Qf4 g5 40.
Qe3 Rd3 41. Qe2 Rxa3 42. Qe5 Qe6 43. Qb8+ Kg7 44. Ne4 Nxe4 45. fxe4 Rc3 46. Qb7
Qxc4 47. Qxb6 Qc5+ 48. Qxc5 Rxc5 49. Ra1 a5 50. Kf2 Kf6 51. Ke3 Ke5 52. Ra3 Rb5
53. Kd3 Kd6 54. Kc3 Kc6 55. Ra1 f5 56. exf5 Rxf5 57. Kc4 Rc5+ 58. Kd4 g4 59.
Rf1 a4 60. Rf6+ Kb5 61. Rf8 Rc6 62. Kd5 Rb6 63. Ra8 Kb4 64. Ra7 a3 65. Ra8 Kb3
66. Kc5 Rb7 67. Kc6 Rb4 68. Kc5 Ra4 69. Re8 a2 70. Re3+ Kc2 0-1

[Event "Lliga Catalana DH"]
[Site "?"]
[Date "2015.02.28"]
[Round "6.3"]
[White "Pardo Simon, D."]
[Black "Fernandez Perez, D."]
[Result "1-0"]
[WhiteElo "2474"]
[BlackElo "2335"]
[PlyCount "53"]
[EventDate "2015.??.??"]
[EventType "team"]

1. e4 c6 2. d4 d5 3. e5 Bf5 4. h4 h5 5. Bd3 Bxd3 6. Qxd3 e6 7. Nf3 Qb6 8. O-O
Qa6 9. Qe3 Nh6 10. Nbd2 Nf5 11. Qf4 g6 12. Re1 Qb6 13. c3 a5 14. Ng5 Be7 15.
Ndf3 Na6 16. Rb1 c5 17. Be3 O-O 18. g4 hxg4 19. Qxg4 Kg7 20. h5 Rh8 21. hxg6
fxg6 22. Nh3 Rag8 23. Nf4 Kf7 24. dxc5 Qd8 25. Rbd1 Nc7 26. c4 g5 27. Nxe6 1-0

[Event "Lliga Catalana DH"]
[Site "?"]
[Date "2015.02.28"]
[Round "6.4"]
[White "Pinsach Gelabert, A."]
[Black "Aloma Vidal, R."]
[Result "0-1"]
[WhiteElo "2314"]
[BlackElo "2482"]
[PlyCount "88"]
[EventDate "2015.??.??"]
[EventType "team"]

1. e4 d5 2. exd5 Qxd5 3. Nc3 Qd6 4. Bc4 Nf6 5. d3 a6 6. Nge2 b5 7. Bb3 Bb7 8.
f3 Nbd7 9. Bf4 e5 10. Bg3 Qb6 11. Bf2 Bc5 12. O-O Bxf2+ 13. Rxf2 O-O 14. Ng3
Rad8 15. Qe2 a5 16. a4 Nc5 17. axb5 Nxb3 18. cxb3 Nd5 19. Nf5 Nf4 20. Qe3 Nxd3
21. Rd2 Nc5 22. Rxd8 Rxd8 23. Na4 Nxa4 24. bxa4 e4 25. Ne7+ Kf8 26. Qxb6 cxb6
27. Nc6 Bxc6 28. bxc6 exf3 29. gxf3 Rc8 30. Rc1 Ke7 31. b4 axb4 32. Rb1 Kd6 33.
Rxb4 Rxc6 34. Kf2 Rc2+ 35. Kg3 Kc6 36. Rg4 g6 37. Rf4 f5 38. h4 Kc5 39. h5 Rc4
40. hxg6 hxg6 41. Rh4 Rxh4 42. Kxh4 Kd4 43. Kg5 Ke3 44. Kxg6 f4 0-1

[Event "Lliga Catalana DH"]
[Site "?"]
[Date "2015.02.28"]
[Round "6.5"]
[White "Martin Gonzalez, A."]
[Black "Rocabert Andreu, G."]
[Result "1-0"]
[WhiteElo "2463"]
[BlackElo "2297"]
[PlyCount "57"]
[EventDate "2015.??.??"]
[EventType "team"]

1. e4 Nf6 2. e5 Nd5 3. Nf3 d6 4. Bc4 dxe5 5. Nxe5 Be6 6. d4 g6 7. Nc3 Bg7 8.
Ne4 f6 9. Nc5 Bg8 10. Nf3 b6 11. Nb3 c6 12. Nbd2 Bf7 13. O-O O-O 14. Re1 Nd7
15. Ne4 Kh8 16. Bb3 e5 17. dxe5 Nxe5 18. Nxe5 fxe5 19. Bg5 Qc7 20. Qg4 Rae8 21.
Rad1 Be6 22. Qh4 Bg8 23. c4 Nf4 24. Nf6 Rd8 25. Rxd8 Rxd8 26. Nxh7 Bxh7 27.
Bxd8 Qd7 28. Bf6 c5 29. Qh6 1-0

[Event "Lliga Catalana DH"]
[Site "?"]
[Date "2015.02.28"]
[Round "6.6"]
[White "Pijuan Herranz, M."]
[Black "Arias Boo, G."]
[Result "1/2-1/2"]
[WhiteElo "2302"]
[BlackElo "2389"]
[PlyCount "108"]
[EventDate "2015.??.??"]
[EventType "team"]

1. d4 f5 2. g3 Nf6 3. Bg2 e6 4. c4 c6 5. Nc3 d5 6. Nh3 Bd6 7. Bf4 O-O 8. O-O
Be7 9. Qa4 Bd7 10. Qb3 Qb6 11. c5 Qxb3 12. axb3 Na6 13. Ra4 h6 14. Rfa1 g5 15.
Be5 f4 16. f3 fxg3 17. hxg3 Be8 18. Nf2 Bg6 19. e4 Nd7 20. f4 gxf4 21. Bxf4 e5
22. Bxh6 Rxf2 23. Kxf2 exd4 24. exd5 dxc3 25. bxc3 Bxc5+ 26. Be3 Re8 27. Bxc5
Ndxc5 28. Rg4 Nd3+ 29. Kg1 Ne5 30. Rf4 cxd5 31. Bxd5+ Kg7 32. Bxb7 Nc5 33. Bd5
Re7 34. b4 Ncd3 35. Rff1 Ng4 36. Bc4 Nde5 37. Be2 Ne3 38. Rfc1 Nf7 39. Ra6 Bf5
40. Kf2 Ng5 41. g4 Bc8 42. Ra5 Kf6 43. Rca1 Nc2 44. Rf1 Ne3 45. Rh1 Ne4+ 46.
Kxe3 Ng3+ 47. Kf3 Nxh1 48. Bc4 Rc7 49. g5+ Kg7 50. Bd5 Rxc3+ 51. Kf4 a6 52.
Bxh1 Rc4+ 53. Ke5 Rxb4 54. Rc5 Rb5 1/2-1/2

[Event "Lliga Catalana DH"]
[Site "?"]
[Date "2015.02.28"]
[Round "6.7"]
[White "Mestre Bellido, H."]
[Black "Serra Pages, J."]
[Result "1-0"]
[WhiteElo "2348"]
[BlackElo "2291"]
[PlyCount "88"]
[EventDate "2015.??.??"]
[EventType "team"]

1. Nf3 Nf6 2. g3 g6 3. Bg2 Bg7 4. O-O O-O 5. c4 c6 6. d4 d5 7. Nc3 Qb6 8. Ne5
Be6 9. Na4 Qd8 10. Nc5 Bc8 11. cxd5 cxd5 12. Bf4 e6 13. Qb3 Nc6 14. Rfd1 Qb6
15. Rac1 Nxe5 16. Bxe5 Nd7 17. Bxg7 Kxg7 18. Qa3 Qd6 19. e4 b6 20. exd5 exd5
21. Qc3 bxc5 22. dxc5+ Qf6 23. Rd4 Bb7 24. b4 Rac8 25. Bxd5 Bxd5 26. Rxd5 Qxc3
27. Rxc3 Nf6 28. Rd4 Rfd8 29. Rxd8 Rxd8 30. a4 Nd5 31. Rc4 Kf6 32. b5 Rb8 33.
c6 Ke6 34. Rd4 a6 35. bxa6 Ra8 36. Rd2 Rxa6 37. Re2+ Kd6 38. Re8 Rxa4 39. f4
Kxc6 40. f5 gxf5 41. Re5 Ra1+ 42. Kf2 Kd6 43. Rxf5 Rf1+ 44. Kxf1 Ne3+ 1-0